Zdaňovanie príjmov právnických osôb v EÚ z pohľadu daňovej harmonizácie bakalárska práca

Gespeichert in:
Bibliographische Detailangaben
1. Verfasser: Dolíková, Erika
Körperschaft: Podnikovohospodárska fakulta EU so sídlom v Košiciach. Katedra účtovníctva a financií
Weitere Verfasser: Simonidesová, Jana, 1968-
Format: Buch
Sprache:Slowakisch
Veröffentlicht: Košice 2012
Tags: Tag hinzufügen
Keine Tags, Fügen Sie das erste Tag hinzu!

MARC

LEADER 00000nbm a2200000 4500
001 0155623
005 20161109111904.9
041 0 |a slo 
044 |a SK 
245 1 0 |a Zdaňovanie príjmov právnických osôb v EÚ z pohľadu daňovej harmonizácie  |b bakalárska práca  |c Erika Dolíková ; školiteľ: Jana Simonidesová 
264 1 |a Košice  |c 2012 
300 |a 72 s. 
100 1 |a Dolíková, Erika 
700 1 |a Simonidesová, Jana, 1968- 
710 2 |a Podnikovohospodárska fakulta EU so sídlom v Košiciach. Katedra účtovníctva a financií